000 01413nam a22003497a 4500
005 20180803170131.0
008 150702b 2002ck |||||r|||| 00| 0 spa d
040 _aCO-BoIAVH
_cCO-BoIAVH
041 _aspa
044 _ack
082 0 4 _a551.417
_bU19i
110 1 _aUniversidad Tecnológica de Pereira
_914606
245 1 0 _aInventario y caracterización de los humedales del Parque Nacional Natural los Nevados y zona amortiguadora en los Departamentos de Caldas y Risaralda
260 _aPereira Risaralda:
_bUniversidad Tecnológica de Pereira,
_c2002.
300 _a90 p.
_c28 cm.
650 4 _aHumedales
_992440
650 4 _a Lagunas
_935163
650 4 _a Flora
_935164
650 4 _aFauna
_992594
650 4 _aVegetación
_992799
650 4 _a Macro invertebrados
_935167
650 4 _aLaguna Otún
_935168
650 1 4 _aPantanos
_zCaldas
_zRisaralda
_zColombia
_935169
662 _aColombia
_dRisaralda, Pereira
710 _aCorporación Autónoma Regional del Quindio CRQ
_935170
710 _aCorporación Autónoma Regional de Risaralda CARDER
_935171
710 _aCorporación Autónoma Regional de Caldas CORPOCALDAS
_916002
710 _aCorporación Autónoma Regional del Tolima CORTOLIMA
_915447
710 _aUnidad Administrativa Especial del Sistema de Parques Nacionales Naturales UAESPNN
_935172
710 _aMinisterio del Medio Ambiente
_99265
942 _2ddc
_cINFORME
_03
999 _c17517
_d17517